000 00612nam a2200229Ia 4500
003 OSt
005 20220925215958.0
006 a|||||r|||| 00| 0
007 ta
008 220923b |||||||| |||| 00| 0 eng d
037 _cGeneral Book
040 _aRTL
_cRTL
_beng
041 _2eng
_aeng
082 _aV3y7M87x, K3
100 _aPritt D N
245 0 _aLabour government, 1945-51
260 _aLondon
_bLawrence and wishart
_c1963
300 _a467p
_ccm.
650 _aGreat Britain History
_91540
942 _hV3y7M87x, K3
_cGB
_2CC
999 _c570234
_d570234